000 00621nam a2200217Ia 4500
003 0100
008 130227s9999 xx 000 0 und d
040 _cARRUPELIB
050 _aHD8039.M61Z56 1978
100 _aPhimister, Ian R.
_926461
245 _aStudies in the history of african mine labour in colonial zimbabwe
260 _aGwelo
260 _bMambo Press
300 _axi
300 _b 150p. 22cm.
440 _aZambeziana, No. 6
_926462
650 _aMines
_xHistory
_zZimbabwe
_926463
650 _aWorking class
_zZimbabwe
_926464
700 _aVan Onselen Charles
_923147
942 _2lcc
_cMONOGRAPH
999 _c2919
_d2919